maillots distinctifs sur les grands tours - Statistiques

Statistiques générales
  • Ce quiz a été pris 29 fois
  • Le résultat moyen est 8 sur 12
Statistiques - réponses
Hint Réponse % Correct
général jaune
100%
sprinteur vert
96%
jeune blanc
89%
général rose
78%
général rouge
74%
grimpeur blanc à pois rouge
63%
sprinteur vert
63%
jeune blanc
59%
grimpeur bleu
59%
jeune blanc
56%
sprinteur cyclamen
48%
grimpeur blanc à pois bleu
41%
Aucun quiz correspondant
Distribution des résultats
% des personnes avec chaque résultat
Percentile par nombre de réponses
Votre historique - résultats
Vous n’avez pas pris ce quiz